| 000 | 00474nam a2200181Ia 4500 | ||
|---|---|---|---|
| 003 | GCL | ||
| 008 | 140319s9999 xx 000 0 eng d | ||
| 040 |
_aGCL / _cGCL |
||
| 082 | 0 | 4 |
_a739.27 _bM E |
| 100 | 1 | _aMASCETTI, DONIELA | |
| 245 | 1 | 0 |
_aEARRINGS: FROM ANTIQUITY TO THE PRESENT / _cMASCETTI, DONIELA |
| 700 | 1 | _aTRIOSSI, AMANDA | |
| 260 |
_a[S.N] : _bTHAMES AND HUDSON ، _c1971 |
||
| 300 | _a224 P | ||
| 650 | 0 | 4 | _aERRINGS |
| 650 | 0 | 4 | _aJEWELLERY |
| 942 |
_2ddc _cBK |
||
| 999 |
_c25040 _d25040 |
||